| 000 | 01350nam a2200361 i 4500 | ||
|---|---|---|---|
| 001 | 8992 | ||
| 003 | KOSZ 005 | ||
| 005 | 20221122095503.0 | ||
| 008 | 080805s1959 pl a f f 001 0 pol | ||
| 015 | _aPB 1959/5744 | ||
| 040 |
_aWA N _cWA N _dKOSZ 005/RW _dKOSZ 005/HR |
||
| 080 | _a54.061 | ||
| 080 | _a(07) | ||
| 100 | 1 |
_aFuglewicz, Roman _eAutor |
|
| 245 | 1 | 0 |
_aAnaliza chemiczna jakościowa / _cRoman Fuglewicz. |
| 250 | _aWyd. 2. | ||
| 260 |
_aWarszawa : _bPaństwowe Wydawnictwa Techniczne, _c1959. |
||
| 300 |
_a343, [1] s. : _bil. ; _c22 cm. |
||
| 336 |
_2rdacontent _aTekst _btxt |
||
| 337 |
_2rdamedia _aBez urządzenia pośredniczącego _bn |
||
| 338 |
_2rdacarrier _aWolumin _bnc |
||
| 380 | _aKsiążki | ||
| 388 | _a1901-2000 | ||
| 388 | _a1945-1989 | ||
| 504 | _aIndeks. | ||
| 521 | 8 | _aZatwierdzne przez Centralny Urząd Szkolnictwa Zawodowego dla zasadniczych szkół zawodowych, wydz. laborantów-chemików - Również dla laborantów i techników zatrudionych w przemyśle chemicznym. | |
| 650 | 4 | _aChemiczna analiza jakościowa | |
| 655 | 4 | _aPodręczniki dla szkół zawodowych | |
| 658 | _aChemia | ||
| 710 | 2 |
_aPaństwowe Wydawnictwa Techniczne _4pbl. |
|
| 856 |
_uhttp://koha.tu.koszalin.pl/cgi-bin/koha/opac-detail.pl?biblionumber=8992 _yKatalog online BPK |
||
| 942 |
_2UKD _cKS |
||
| 999 |
_c8992 _d8992 |
||